Atrapalecturas 2: Leyendo un poco más
Wedi'i Gadw mewn:
| Prif Awdur: | |
|---|---|
| Fformat: | Llyfr |
| Iaith: | Sbaeneg |
| Cyhoeddwyd: |
Santiago
Mare Nostrum
2005
|
| Rhifyn: | 1a. ed |
| Pynciau: | |
| Tagiau: |
Ychwanegu Tag
Dim Tagiau, Byddwch y cyntaf i dagio'r cofnod hwn!
|
MARC
| LEADER | 00000nam a2200000 a 4500 | ||
|---|---|---|---|
| 001 | UCH9794 | ||
| 003 | CL-VaPUC | ||
| 008 | 100121e20050200CL |||||||||||||||||spa|d | ||
| 020 | |a 9562940847 | ||
| 082 | 0 | 4 | |a 800.068 |b BEU |2 21 |
| 100 | 0 | |a Beuchat Reichardt, Cecilia |e author |9 547064 | |
| 245 | 1 | 0 | |a Atrapalecturas 2: Leyendo un poco más |
| 250 | |a 1a. ed | ||
| 300 | |a 120 p | ||
| 942 | |c BK | ||
| 945 | |d 20100121 00:00:00 |a dcastane | ||
| 260 | |a Santiago |b Mare Nostrum |c 2005 | ||
| 500 | |a Ilustraciones de Roberto del Real Ekdahl | ||
| 650 | 0 | |a Literatura infantil |9 307465 | |
| 650 | 0 | |a Cuentos infantiles |9 308044 | |
| 650 | 0 | |a Poesías infantiles |9 310305 | |
| 650 | 0 | |a Métodos de enseñanza |9 270413 | |
| 651 | 7 | |a CHILE |2 CL-VaPUC |9 547065 | |
| 583 | |a last modification |c 20100121 00:00:00 |k Rodrigo Vera | ||
| 999 | |c 339683 |d 339681 | ||